{"text_format":"1","workbook":"xlsx","n_sheets":1,"sheets":["Invoice"],"not_rendered":{"charts":0,"images":4,"macros":1,"external_links":0,"defined_names":2,"comments":0,"pivot_tables":0},"unopened":[],"bounds":{"document_bytes":16777216,"sheet_cells":100000,"rows_first":2000,"rows_last":500,"rows_between":2000,"halvings":0,"cell_chars":16384,"cell_head_chars":4096},"cells_cut":0,"cells_raw":0,"read":"whole","date_system":"1900"}

{"sheet":"Invoice","index":0,"n_rows":151,"n_cols":9,"rows_kept":151,"cut":false,"hidden":false,"merged":[[148,6,148,7],[149,6,149,7],[150,6,150,7],[0,0,0,1],[1,0,1,1],[8,0,10,1],[5,4,5,5],[7,4,10,8]]}
[]
[]
[]
[]
[]
["Expeditor ",null,null,null,"Ship-To Address :",null,null,"Date: ","2024-11-13"]
[]
["YAZAKI MOROCCO S.A",null,null,null,"Yazaki Morocco Meknes SA\nICE : 000190588000071\nILot UL2 Zone Agropolis\n50000 Mekness"]
["Nippon Express Lot n°38 / Extension TAC2- \n(lot 38-A) Free Zone Automotive City 90060 TANGER"]
[]
[]
[]
[" INVOICE N°:","9087135854-9087135855"]
["TU :",6500030914]
["INCOTERM :","EXW"]
["PART NUMBER","QTY","UNIT OF MEASURE","DESIGNATION","ORIGIN","NET WEIGHT","WEIGHT TOTAL","PRICE/UNIT"," VALUE"]
["22R02530",1000,"M","Textile Sleeve 19mm B","MA",3.9500000000000007E-2,39.500000000000007,0.28422000000000003,284.22000000000003]
["22R03730",375,"M","Textile Sleeve 32mm B","MA",0.06,22.5,0.52103999999999995,195.39]
["22R09730",5000,"M","Textile Sleeve 8mm B","MA",1.9E-2,95,0.160382,801.91]
["22R12630",250,"M","Textile Sleeve 38mm B","MA",6.8400000000000002E-2,17.100000000000001,0.63351999999999997,158.38]
["45025V0213001070",250,"PC","Textile Sleeve 25mm B","DE",6.7303000000000002E-2,16.825749999999999,1.3895599999999999,347.39]
["45036R0363000260",800,"PC","Textile Sleeve 29mm B","PT",2.5956E-2,20.764800000000001,0.40528750000000002,324.23]
["7009706402",738,"PC","RING TERMINAL BPS1 5 MM2","FR",4.5700000000000003E-3,3.3726600000000002,0.1356639566395664,100.12]
["7035294230",2708,"PC","Pass Through Grommet","ES",1.1000000000000001E-2,29.788000000000004,0.23645125553914326,640.30999999999995]
["7035298830",200,"PC","Single Panel Grommet","MA",1.1000000000000001E-2,2.2000000000000002,0.10695,21.39]
["7035910430",833,"PC","Single Panel Grommet","TN",7.0000000000000001E-3,5.8310000000000004,0.14997599039615847,124.93]
["70392346",674,"PC","Shrink Tube 7.5mm L:27mm  B","CZ",2.0599999999999998E-3,1.3884399999999999,9.6142433234421374E-3,6.48]
["70393210",15470,"PC","Shrink Tube 5.75mm L:50mm  B","CZ",4.79E-3,74.101299999999995,1.1729799612152553E-2,181.46]
["70470220",5600,"PC","Band Clip 175.2mm","JP",2E-3,11.200000000000001,1.41E-2,78.959999999999994]
["7047108230",3474,"PC","Tape Clip","FR",8.0000000000000002E-3,27.792000000000002,1.1850892343120322E-2,41.17]
["7047135830",1000,"PC","Tape Clip","DE",1.6000000000000001E-3,1.6,3.7649999999999996E-2,37.65]
["7047160930",302,"PC","Tape Clip","JP",2.7000000000000001E-3,0.81540000000000001,1.6655629139072849E-2,5.03]
["7047682030",2000,"PC","CLIP, CLIP NYLON B W/H/D: 17.0/ 17.9/ 7.","PT",5.5000000000000005E-3,11.000000000000002,1.8670000000000003E-2,37.340000000000003]
["7047767230",500,"PC","Band Clip 160mm","DE",2.3999999999999998E-3,1.2,3.4700000000000002E-2,17.350000000000001]
["7047798230",4000,"PC","Band Clip 160mm","DE",2.415E-3,9.66,4.8739999999999999E-2,194.96]
["7047798330",4000,"PC","Band Clip 160mm","DE",2.9999999999999996E-3,11.999999999999998,4.8680000000000001E-2,194.72]
["7075210830",800,"PC","LICENCE LAMP GROMMET","MA",8.9999999999999993E-3,7.1999999999999993,0.14451249999999999,115.61]
["7094016150",2998,"PC","Shrink Tube 11mm L:30mm  R","CZ",5.3800000000000011E-3,16.129240000000003,7.7431621080720478E-2,232.14]
["7094027030",512,"PC","Shrink Tube 10mm L:50mm  B","DE",1.3700000000000001E-3,0.70144000000000006,6.5839843750000002E-2,33.71]
["7114691002",1700,"PC","Terminal NG1 Male othermm Sealed","DE",2.96E-3,5.032,9.5482352941176463E-2,162.32]
["7116190602",12000,"PC","Terminal MCP Female 2.8mm Sealed","CH",5.2199999999999998E-3,62.64,2.1810000000000003E-2,261.72000000000003]
["7116252902",13500,"PC","Terminal MCP Female 4.8+6.3mm Sealed","CH",1.1000000000000001E-3,14.850000000000001,3.6650370370370368E-2,494.78]
["7116257706",4000,"PC","TERMINAL","DE",4.8339999999999998E-3,19.335999999999999,0.50720999999999994,2028.84]
["7116428502",12000,"PC","Terminal MPQ Female 2.8mm Unsealed","DE",4.4999999999999997E-3,53.999999999999993,2.1560000000000003E-2,258.72000000000003]
["7116441602",45000,"PC","Terminal RH Female 0.64mm Sealed","US",1.3000000000000002E-3,58.500000000000007,9.6600000000000002E-3,434.7]
["7116562506",5000,"PC","Terminal 375+YPT Female 9.5mm Sealed","DE",5.9000000000000007E-3,29.500000000000004,0.29291,1464.55]
["7116591602",1800,"PC","Terminal NG1 Female 8.0mm Sealed","DE",2.3E-3,4.1399999999999997,6.2672222222222226E-2,112.81]
["7116593502",20000,"PC","Terminal RS Female 2.3mm Sealed","JP",4.1399999999999996E-3,82.8,7.6799999999999993E-3,153.6]
["7116608202",15000,"PC","Terminal 250 Female 6.3mm Unsealed","FR",7.4000000000000003E-3,111,1.5779999999999999E-2,236.7]
["7119153830",2472,"PC","Socket housing 3p Black","DE",4.0000000000000001E-3,9.8879999999999999,5.1488673139158579E-2,127.28]
["7123632630",400,"PC","Connector 2p 250 M-LC Black","JP",3.0100000000000001E-3,1.204,2.1625000000000002E-2,8.65]
["71236347",700,"PC","Connector 4p 250 M-LC Natural","JP",4.0000000000000001E-3,2.8000000000000003,2.8557142857142854E-2,19.989999999999998]
["7134863130",150,"PC","CMC 64P SEALED CONNECTOR FEMALE COVER M:","FR",9.0899999999999991E-3,1.3634999999999999,8.2199999999999995E-2,12.33]
["7134887230",300,"PC","Connector (OH) 32p CMC Black","PT",5.5999999999999991E-3,1.6799999999999997,3.7766666666666664E-2,11.33]
["7147894830",1019,"PC","Connector Clip","JP",2E-3,2.0380000000000003,2.0667320902845926E-2,21.06]
["7152508830",20804,"PC","Connector Clip","FR",9.7999999999999997E-3,203.8792,1.2610074985579695E-2,262.33999999999997]
["7152572540",3000,"PC","CONNECTOR CLIP","FR",1.1000000000000001E-3,3.3000000000000003,5.8009999999999999E-2,174.03]
["7154058630",40,"PC","Relay Socket 9p Black","FR",2.0999999999999998E-2,0.83999999999999986,0.11000000000000001,4.4000000000000004]
["71549518",400,"PC","Box Cover Natural","VN",7.8600000000000007E-3,3.1440000000000001,8.7375000000000008E-2,34.950000000000003]
["7157305690",10000,"PC","Single Wire Seal Blue","DE",9.2000000000000003E-4,9.2000000000000011,5.2200000000000007E-3,52.2]
["71576613",1000,"PC","TPA","CN",1.3000000000000002E-3,1.3000000000000003,1.4289999999999999E-2,14.29]
["7158312950",2000,"PC","Single Wire Seal Orange","JP",1E-3,2,1.1730000000000001E-2,23.46]
["7158316940",120000,"PC","Cavity Seal / Blind Plug Gray","JP",4.0000000000000001E-3,480,2.3100000000000004E-3,277.20000000000005]
["7158395820",12000,"PC","Single Wire Seal Purple","JP",1E-3,12,1.132E-2,135.84]
["7171192330",2202,"PC","Connector 10p Other Black","BE",0.02,44.04,0.14113987284287013,310.79000000000002]
["7171356730",1000,"PC","Cover Assembly","PT",3.3600000000000001E-3,3.3600000000000003,2.0899999999999998E-2,20.9]
["71736286",50,"PC","pz1a DASH GROM INR","PH",8.0999999999999996E-3,0.40499999999999997,0.19239999999999999,9.6199999999999992]
["7174127530",399,"PC","PROTECTION CAP","CN",2.7999999999999995E-3,1.1171999999999997,1.7554887218045114,700.44]
["7174134930",2000,"PC","Delete Cap","CN",1.696E-3,3.3919999999999999,1.7430000000000001E-2,34.86]
["7174225430",315,"PC","PROTECTION CAP","CZ",2.1000000000000003E-3,0.66150000000000009,1.8726031746031746,589.87]
["71742256",68,"PC","NH41M-CS15 MALE PROTECTOR","VN",1.422E-2,0.96696000000000004,0.12147058823529411,8.26]
["7174275730",632,"PC","PROTECTION CAP","CN",4.0000000000000001E-3,2.528,0.19629746835443038,124.06]
["7174276630",99,"PC","PROTECTION CAP","CN",5.0000000000000001E-3,0.495,0.21707070707070705,21.49]
["7174904030",1251,"PC","CLP-HARN PROTR, BEND","CN",2E-3,2.5020000000000002,6.0687450039968026E-2,75.92]
["7174922930",213,"PC","RH 36P COVER","DE",9.4600000000000014E-3,2.0149800000000004,0.31230046948356804,66.52]
["71766590",1197,"PC","Channel","PL",2.7000000000000003E-2,32.319000000000003,0.13654135338345866,163.44]
["71768668",100,"PC","Channel","PT",1.0699999999999999E-2,1.0699999999999998,0.66139999999999999,66.14]
["71870905",600,"PC","Connector 20p NH Natural","CN",2.6000000000000003E-3,1.5600000000000003,6.4033333333333331E-2,38.42]
["7187090560",600,"PC","Connector 20p NH Green","VN",2.6000000000000003E-3,1.5600000000000003,6.4116666666666669E-2,38.47]
["7187090590",600,"PC","Connector 20p NH Blue","JP",2.6000000000000003E-3,1.5600000000000003,6.3716666666666658E-2,38.229999999999997]
["7187111140",4842,"PC","Connector 4p 025 Light Gray","BE",9.9799999999999993E-3,48.323159999999994,2.5871540685667081E-2,125.27]
["71982676",500,"PC","HLC TH40F-CS15N FEMALE HOUSING","CN",0.01,5,0.10278,51.39]
["7198461960",494,"PC","Connector 4p 025 Green","BE",5.0000000000000001E-3,2.4700000000000002,3.0951417004048583E-2,15.29]
["7214352202",24000,"PC","TERMINAL AFS","DE",2.3E-3,55.199999999999996,1.35E-2,324]
["7216428506",12000,"PC","Terminal MPQ Female 2.8mm Unsealed","DE",5.0000000000000001E-3,60,5.2580000000000002E-2,630.96]
["7216642904",1200,"PC","MAK 8.0X0.8/9.5X1.2 TERMINAL","DE",2E-3,2.4,0.31655,379.86]
["7216786602",24000,"PC","Terminal MCON Female 1.2mm Sealed","ES",1E-3,24,1.444E-2,346.56]
["72275435",987,"PC","Change Relay","DE",1.106E-2,10.916220000000001,8.0820668693009121E-2,79.77]
["7247354930",2000,"PC","Band Clip 215mm","JP",4.4999999999999997E-3,9,6.6209999999999991E-2,132.41999999999999]
["7271222530",200,"PC","BFT ADAPTER","PT",5.102000000000001E-2,10.204000000000002,2.4135,482.7]
["7274101330",152,"PC","Cover Assembly","DE",1.7100000000000001E-2,2.5992000000000002,0.45493421052631583,69.150000000000006]
["7274214630",150,"PC","GROMMET COVER ASSY","VN",1.4999999999999999E-2,2.25,0.33460000000000001,50.19]
["7274943530",40,"PC","Box Cover Black","MA",1.83E-2,0.73199999999999998,0.57225000000000004,22.89]
["727658993W",350,"PC","Channel Assembly","MA",9.74E-2,34.090000000000003,0.84437142857142844,295.52999999999997]
["7276607430",700,"PC","Channel Assembly","MA",6.6000000000000003E-2,46.2,1.0487857142857142,734.15]
["7282019730",2812,"PC","Connector 4p 025 Black","BE",2.3940000000000003E-3,6.7319280000000008,4.7030583214793739E-2,132.25]
["72823786",1000,"PC","Connector 8p 025 Natural","CN",3.0999999999999999E-3,3.1,0.10460999999999999,104.61]
["7282464030",104,"PC","Connector 4p 110 Black","DE",1.295E-2,1.3468,0.45634615384615385,47.46]
["7282885030",325,"PC","Connector 6p RH Black","DE",4.9800000000000009E-3,1.6185000000000003,8.3015384615384616E-2,26.98]
["7282885230",300,"PC","Connector 3p RH Black","JP",3.5299999999999997E-3,1.0589999999999999,9.11E-2,27.33]
["7282981230",1500,"PC","CONNECTOR 0.25 TH 12 POS TAB BLACK W=18.","BE",3.7109999999999999E-3,5.5664999999999996,9.2993333333333345E-2,139.49]
["72830642",1800,"PC","Connector 12p 025 Natural","BE",3.7100000000000002E-3,6.6779999999999999,7.2372222222222227E-2,130.27000000000001]
["7283072430",409,"PC","Connector 2p 375 Black","BE",7.5999999999999991E-3,3.1083999999999996,0.35405867970660149,144.81]
["72830931",200,"PC","Connector 32p 025 Natural","JP",4.9400000000000008E-3,0.98800000000000021,7.5950000000000004E-2,15.19]
["72830933",1000,"PC","Connector 4p 025 Natural","VN",8.9999999999999993E-3,9,2.63E-2,26.3]
["72830935",200,"PC","Connector 24p 025 Natural","CN",3.8999999999999998E-3,0.77999999999999992,7.0400000000000004E-2,14.08]
["7283310430",1560,"PC","Connector 10p SICMA Black","CN",9.470000000000001E-3,14.773200000000001,0.4417756410256411,689.17000000000007]
["72835972",600,"PC","Connector 2p TK White","JP",1.1200000000000001E-3,0.67200000000000004,5.9783333333333327E-2,35.869999999999997]
["7283646940",200,"PC","Connector 4p YESC Kaizen Light Gray","PT",8.8000000000000005E-3,1.76,9.3000000000000013E-2,18.600000000000001]
["72838351",900,"PC","Connector 26p 025+090 Natural","TH",5.8600000000000006E-3,5.2740000000000009,0.16415555555555555,147.74]
["7283885230",15000,"PC","Connector 3p RH Black","DE",4.2000000000000006E-3,63.000000000000007,6.4909999999999995E-2,973.65]
["7285401706",4536,"PC","Terminal Other Male other","FR",4.1000000000000002E-2,185.976,3.4467702821869493,15634.550000000001]
["72868674",100,"PC","Connector 8p 090 NS Natural","CN",7.0100000000000006E-3,0.70100000000000007,6.6299999999999998E-2,6.63]
["72868679",400,"PC","NS-CS 12P HOUSING MALE SUB ASSEMBLY","CN",9.4000000000000004E-3,3.7600000000000002,7.6850000000000002E-2,30.74]
["7286881780",500,"PC","Connector 16p 090 NS Brown","CN",1.1900000000000001E-2,5.95,9.4659999999999994E-2,47.33]
["72870725",300,"PC","Connector 8p 025 Natural","CN",2.1800000000000001E-3,0.65400000000000003,5.2533333333333335E-2,15.76]
["7287143930",261,"PC","CONNECTOR","CN",7.2000000000000007E-3,1.8792000000000002,0.22770114942528735,59.43]
["7287666830",58,"PC","8 MM RECEPT 1 WAY SEALED GENERATION 2 WI","HU",7.5999999999999991E-3,0.44079999999999997,0.48465517241379308,28.11]
["7287756740",1600,"PC","Connector 24p 025 Gray","CN",4.0000000000000001E-3,6.4,0.10954375000000001,175.27]
["72878063",200,"PC","Connector 8p 090 NS Natural","CN",4.2900000000000004E-3,0.8580000000000001,5.4199999999999998E-2,10.84]
["72878645",200,"PC","Connector 10p 090 NS Natural","CN",4.7800000000000004E-3,0.95600000000000007,6.3899999999999998E-2,12.78]
["72888940",4200,"PC","Connector 24p 025 Natural","BE",5.9000000000000007E-3,24.780000000000005,0.14394999999999999,604.59]
["7298171330",387,"PC","Connector 8p YESC Black","PT",1.8999999999999998E-3,0.73529999999999995,0.19937984496124031,77.16]
["7298186530",15400,"PC","Connector 2p RH Black","TH",4.1199999999999995E-3,63.447999999999993,5.5799999999999995E-2,859.31999999999994]
["7298227830",600,"PC","Connector 3p RH Black","TH",4.4800000000000005E-3,2.6880000000000002,3.4566666666666662E-2,20.74]
["7298228030",800,"PC","Connector 4p RH Black","BE",5.2400000000000007E-3,4.1920000000000002,8.8474999999999998E-2,70.78]
["7298250730",1543,"PC","Connector 8p RH Black","TH",5.9800000000000001E-3,9.2271400000000003,0.10591704471808167,163.43]
["7298250830",1396,"PC","Connector 10p RH Black","TH",6.6499999999999997E-3,9.2834000000000003,0.12477077363896849,174.18]
["7298250930",406,"PC","Connector 12p 025 RH Black","BE",7.2000000000000007E-3,2.9232000000000005,0.12482758620689655,50.68]
["7298314030",264,"PC","Connector 6p MLK Black","DE",5.9699999999999996E-3,1.5760799999999999,0.14155303030303029,37.369999999999997]
["7298350940",400,"PC","E-RS-CPA-ASSY","HU",9.4999999999999998E-3,3.8,0.19647500000000001,78.59]
["7298440630",160,"PC","Connector 4p MCON Black","MX",2.7917000000000004E-2,4.4667200000000005,1.5703125,251.25]
["7298691130",1003,"PC","RECEPTACLE HOUSING 3 WAY MLK 1.2 SWS","DE",2.9999999999999996E-3,3.0089999999999995,0.12495513459621137,125.33]
["7298781730",1331,"PC","2 POS MCON 1.2 RECEPTACLE HOUSING","HU",2.5499999999999997E-3,3.3940499999999996,0.14443275732531932,192.24]
["7298834630",511,"PC","2P MCON 1.2 RECEPTACLE HOUSING","HU",2.5559999999999997E-3,1.3061159999999998,0.1331702544031311,68.05]
["73063801W1",992,"PC","BATTERY TERMINAL SL 90DEGREES","IT",8.4499999999999992E-2,83.823999999999998,1.477399193548387,1465.58]
["732767723W",200,"PC","Fuse Terminal Assembly","PT",1.91E-3,0.38200000000000001,5.0773000000000001,1015.46]
["73754512",300,"PC","SQUIB AKII PLUS CABLE ASSY 90 DEG L2100","CZ",2.1667000000000002E-2,6.5001000000000007,0.45669999999999999,137.01]
["73755454",320,"PC","Multimedia harness 2375mm","PH",9.3605999999999995E-2,29.953919999999997,2.8888437499999999,924.43]
["73755668",348,"PC","1A-PLANCHE DE BORD DAD L-1700","PT",6.5000000000000002E-2,22.62,4.3369252873563218,1509.25]
["74597817",600,"PC","Antenna Harness 3318mm","MA",4.1700000000000001E-2,25.02,0.71831666666666671,430.99]
["74754231",160,"PC","Multimedia harness 5250mm","PT",1.9699999999999999E-2,3.1519999999999997,15.748750000000001,2519.8000000000002]
[null,null,null,null,null,null,null,null,46481.970000000008]
[]
[]
[]
[]
[]
[null,null,null,null,null,null,"Gross Weight (KG) ",null,3236.9433040000004]
[null,null,null,null,null,null,"Net Weight (KG) ",null,2656.3533040000002]
[null,null,null,null,null,null,"Volume",null,"13P"]